000 00838nam a2200229 4500
001 2724
005 20181127165606.0
010 0 0 _a
020 0 0 _a9788174761507
090 0 0 _a822.33 Q5 2009
100 0 0 _aShakespeare, William.
245 0 0 _aThe tempest:
_bSpecial edition with introduction, detailed notes, scene-wise summary, annotations and questions and answers /
_cWilliam Shakespeare; edited by Praveen Bhatia.
_h
250 0 0 _a
260 0 0 _aNew Delhi :
_bUBS Publishers' Distributors,
_c2009.
300 0 0 _aix, 546 p.
500 0 0 _a
590 _aElectronic copy available on RTC Cloud in "Library" folder
650 0 0 _aFathers and daughters --Drama.
_x
650 0 0 _aShakespeare, William, 1564-1616. Tempest.
_x
650 0 0 _aShipwreck victims --Drama.
_x
856 _a
_uhttp://shakespeare.mit.edu/tempest/
_yThe tempest
_z
_3
999 _c2183
_d2183